Does the market care about RevPAR ? A case study of five large U.S. lodging chains /
Guardado en:
| Autor principal: | |
|---|---|
| Otros Autores: | , |
| Formato: | Artículo |
| Lenguaje: | English |
| Materias: | |
| Etiquetas: |
Agregar Etiqueta
Sin Etiquetas, Sea el primero en etiquetar este registro!
|
| Thư viện lưu trữ: | Thư viện Trường Đại học Đà Lạt |
|---|
| LEADER | 00867nam a2200289 4500 | ||
|---|---|---|---|
| 001 | DLU110130432 | ||
| 005 | ##20111223 | ||
| 040 | # | # | |a DLU |b eng |
| 041 | # | # | |a eng |
| 044 | # | # | |a us |
| 100 | # | # | |a Chen, Jianan. |
| 245 | # | # | |a Does the market care about RevPAR ? A case study of five large U.S. lodging chains / |c Jianan Chen, Yoon Koh, Seoki Lee. |
| 653 | # | # | |a Accounting |
| 653 | # | # | |a Financial performance |
| 653 | # | # | |a Lodging |
| 700 | # | # | |a Koh, Yoon. |
| 700 | # | # | |a Lee, Seoki. |
| 773 | # | # | |t Journal of Hospitality & Tourism Research |g Vol. 35, no. 2 (May 2011), p. 258-273 |
| 920 | # | # | |a Phòng Tạp chí -- Trung tâm Thông tin - Thư viện Trường Đại học Đà Lạt |
| 994 | # | # | |a DLU |
| 900 | # | # | |a True |
| 911 | # | # | |a Trương Bảo Trâm Anh |
| 925 | # | # | |a G |
| 926 | # | # | |a A |
| 927 | # | # | |a BB |
| 980 | # | # | |a Thư viện Trường Đại học Đà Lạt |